00733nam a2200241 a 4500001001300000003000900013005001700022008004100039020001000080082002100090100002900111245003100140260004700171300000800218500003500226505002400261650002500285700002900310902000800339942000700347952012200354999001500476nice12345678IN_TiNIC20260116012529.0050524s1982 khaa grp 000 0 eng  ac10000a305.6297053bMRB aMuslim Religious Board,  aMuslims of the Soviet East aKhazakhstanbMuslims Religious Boardc1982 a19p aincludes index and biblioraphy2 aIndex, Bibliography aMuslims-Central Asia1 aMuslim Religious Board,  bSRS cBK 001040708StackRoom-aHMIbHMId2007-03-27g100.00l0o305.6297053 MRBp011189r2007-03-27v100.00w2005-05-24yBK c7375d7375